| 000 | 00580nam a22002057a 4500 | ||
|---|---|---|---|
| 003 | DO-SdBNP | ||
| 005 | 20180222112444.0 | ||
| 008 | 170116b 19uu sp a |||| 00| 0 spa d | ||
| 040 |
_6BPMSU _8spa _aBPMSU _cdr |
||
| 082 | 4 |
_axxx _bxxxx |
|
| 245 | 0 | 0 | _aFlores y frutos maravillosos / |
| 260 |
_aBilbao, EspaƱa : _bCultura y Progreso, _c[199?] |
||
| 300 |
_a45 p. : _bil. ; _c29 cm. |
||
| 490 | 0 | _aEducacional | |
| 500 | _aLibro de pasta dura. | ||
| 830 | 0 | _aEducacional | |
| 942 |
_2ddc _cBK |
||
| 945 | _aInventariado, 2018/ YL | ||
| 956 |
_aVMATEO _b10 _c20170116 _dBPMSU _f0069 |
||
| 999 |
_c12476 _d12476 |
||